| 000 | 00548nam a2200169Ia 4500 | ||
|---|---|---|---|
| 001 | 60965 | ||
| 008 | 161028n ii |||gr||||Z||||||465 | ||
| 020 | _a9788179929827 | ||
| 082 | _a822.33 | ||
| 100 | _aSarma, Robin . | ||
| 245 | 0 |
_aDaily Inspiration from The Monk who Sold his FerrariVol--8 : _bRealizing ypur Greatest Potential and discovering real Success / _cBy Robin Sarma . _hTextual Documents |
|
| 250 | _aFirst--2009. | ||
| 260 |
_aBombay _bJaico Publishing House |
||
| 300 |
_a139pg: _c23cm. |
||
| 653 | _aG--Philosophy | ||
| 942 |
_2ddc _cBK |
||
| 999 |
_c62084 _d62084 |
||